ARRUPE JESUIT UNIVERSITY

CORONAVIRUS -STOP THE SPREAD - CLEAN,DISINFECT,COVER

A history of the Western educational experience / (Record no. 130055)

MARC details
000 -LEADER
fixed length control field 00946nam a2200289 a 4500
001 - CONTROL NUMBER
control field 1151320
003 - CONTROL NUMBER IDENTIFIER
control field ARRUPE
005 - DATE AND TIME OF LATEST TRANSACTION
control field 20191118091604.0
008 - FIXED-LENGTH DATA ELEMENTS--GENERAL INFORMATION
fixed length control field 950517s1995 ilua b 001 0 eng
010 ## - LIBRARY OF CONGRESS CONTROL NUMBER
LC control number 95154245
020 ## - INTERNATIONAL STANDARD BOOK NUMBER
International Standard Book Number 0881338184
040 ## - CATALOGING SOURCE
Original cataloging agency DLC
Transcribing agency DLC
050 04 - LIBRARY OF CONGRESS CALL NUMBER
Classification number LA11
Item number .G8 1972
082 00 - DEWEY DECIMAL CLASSIFICATION NUMBER
Classification number 370/.9
Edition number 20
300 ## - PHYSICAL DESCRIPTION
Other physical details ill. ;
Dimensions 23 cm.
100 1# - MAIN ENTRY--PERSONAL NAME
Personal name Gutek, Gerald Lee.
9 (RLIN) 46056
245 12 - TITLE STATEMENT
Title A history of the Western educational experience /
Statement of responsibility, etc Gerald L. Gutek.
246 30 - VARYING FORM OF TITLE
Title proper/short title Western educational experience
250 ## - EDITION STATEMENT
Edition statement 2nd ed.
260 ## - PUBLICATION, DISTRIBUTION, ETC. (IMPRINT)
Place of publication, distribution, etc Prospect Heights, Ill. :
Name of publisher, distributor, etc Waveland Press,
Date of publication, distribution, etc c1995.
300 ## - PHYSICAL DESCRIPTION
Extent x, 558 p. :
504 ## - BIBLIOGRAPHY, ETC. NOTE
Bibliography, etc Includes bibliographical references and index.
650 #0 - SUBJECT ADDED ENTRY--TOPICAL TERM
Topical term or geographic name as entry element Education
General subdivision History.
9 (RLIN) 3436
650 #0 - SUBJECT ADDED ENTRY--TOPICAL TERM
Topical term or geographic name as entry element Education
General subdivision Philosophy.
9 (RLIN) 48734
906 ## - LOCAL DATA ELEMENT F, LDF (RLIN)
a 7
b cbc
c orignew
d 2
e ncip
f 19
g y-gencatlg
942 ## - ADDED ENTRY ELEMENTS (KOHA)
Source of classification or shelving scheme Library of Congress Classification
Koha item type Monograph ( Printed materials)
Holdings
Withdrawn status Lost status Source of classification or shelving scheme Damaged status Not for loan Collection code Home library Current library Shelving location Date acquired Total Checkouts Full call number Barcode Date last seen Price effective from Koha item type
    Library of Congress Classification     Main Collection ARRUPE LIBRARY ARRUPE LIBRARY Main Collection 18/11/2019   LA11 .G8 1972 46600005866 18/11/2019 18/11/2019 Monograph ( Printed materials)

 

Arrupe Library. PO Box MP320 Mt Pleasant, Harare, Zimbabwe
263 242 745411|librarian@aju.ac.zw